Marketing Journal

Saved in:
Bibliographic Details
Format: Serial
Language:German
Published: Hamburg Marketing Journal 1994
Subjects:
Tags: Add Tag
No Tags, Be the first to tag this record!

MARC

LEADER 00000nas2a2200000 4500
001 s018021
005 20240109100502.1
022 |a 0025-3774 
041 0 |a ger 
044 |a DE 
245 1 0 |a Marketing Journal 
264 1 |a Hamburg  |b Marketing Journal  |c 1994 
300 |a 1 zv. 
773 0 |w eu_un_cat*s120184 
610 2 0 |a marketing 
610 2 0 |a stratégia marketingová 
610 2 0 |a nástroje marketingové